Normal view MARC view
  • Arias, Jacinto

Entry Nombre Personal

Number of records used in: 1

001 - NUMERO DE CONTROL

  • campo de control: 55826

003 - IDENTIFICADOR DE NUMERO DE CONTROL

  • campo de control: MX-MxUPN

005 - FECHA Y HORA DE LA ÜLTIMA TRANSACCIÓN

  • campo de control: 20250306154625.0

008 - DATOS DE LONGITUD FIJA

  • campo de control de longitud fija: 250306nn fcnnnaabn n aaa d

040 ## - FUENTE DE CATALOGACIÓN

  • Agencia original de catalogación: MX-MxUPN
  • Lenguaje de catalogación: spa

100 1# - ENCABEZAMIENTO - NOMBRE PERSONAL

  • Nombre personal: Arias, Jacinto

400 1# - VEÁSE - NOMBRE DE PERSONA

  • Personal name: Arias Pérez, Jacinto

400 1# - VEÁSE - NOMBRE DE PERSONA

  • Personal name: Pérez, Jacinto Arias

670 ## - FUENTE EN LA QUE SE LOCALIZARON DATOS

  • Cita de la fuente: El mundo numinoso de los mayas, 1991 :
  • Información localizada: portada (Jacinto Arias)

670 ## - FUENTE EN LA QUE SE LOCALIZARON DATOS

  • Cita de la fuente: Autoridades LIBRUNAM, 6 marzo 2025 :
  • Información localizada: portada (Jacinto Arias)

902 ## - CATALOGADOR

  • Catalogador: VíctorGodínez/060325